Guess the Arabian Gulf countries - Statistics

General Stats
  • This quiz has been taken 48 times
  • The average score is 6 of 6
Answer Stats
Answer % Correct
Qatar
100%
Bahrain
97%
Kingdom of Saudi Arabia
97%
Oman
97%
United Arab Emirates
92%
Kuwait
89%
No matching quizzes found
Score Distribution
Percent of People with Each Score
Percentile by Number Answered
Your Score History
You have not taken this quiz